Prediction of ultimate load capacity of piles by non destructive methods /
Saved in:
| Main Author: | |
|---|---|
| Format: | Thesis Book |
| Language: | English |
| Published: |
1983
|
| Subjects: | |
| Tags: |
Add Tag
No Tags, Be the first to tag this record!
|
| LEADER | 00780cam a2200241 4500 | ||
|---|---|---|---|
| 001 | u35131 | ||
| 003 | SIRSI | ||
| 008 | 841217s1983 si v 00 1 eng m | ||
| 035 | |a AAD-7838 | ||
| 040 | |a UMM | ||
| 090 | |a TA780 |b Chu | ||
| 100 | 1 | 0 | |a Chuah, Han Leong. |
| 245 | 1 | 0 | |a Prediction of ultimate load capacity of piles by non destructive methods / |c by Chuah Han Leong. |
| 260 | |c 1983 | ||
| 300 | |a v, 78 leaves : |b ill. ; |c 29cm. | ||
| 500 | |a Mimeographed. | ||
| 502 | |a Dissertation (M.Sc.) -- National University of Singapore, 1983. | ||
| 504 | |a Bibliography: leaves 73-78. | ||
| 650 | 0 | |a Piling (Civil engineering). | |
| 650 | 0 | |a Structural dynamics. | |
| 948 | |a 16/03/1991 |b 06/06/2002 | ||
| 596 | |a 1 | ||
| 999 | |a TA780 CHU |w LC |c 1 |i A002662355 |l STACKS |m P01UTAMA |r Y |s Y |t TESIS |u 19/2/1992 | ||
